Knowledge management in theory and practice

Сохранить в:
Библиографические подробности
Главный автор: Dalkir, Kimiz (Автор)
Формат:
Язык:английский
Опубликовано: Cambridge The MIT Press 2011
Редактирование:2a. ed
Предметы:
Метки: Добавить метку
Нет меток, Требуется 1-ая метка записи!

MARC

LEADER 00000cam a2200000 a 4500
001 UCF7152
003 CL-VaPUC
008 130613e20110000US |||||||||||||||||eng|d
020 |a 9780262015080 
082 0 4 |a 658.4038  |b DAL  |2 21 
100 0 |a Dalkir, Kimiz  |e author  |9 569137 
245 1 0 |a Knowledge management in theory and practice 
250 |a 2a. ed 
300 |a 485 p 
942 |c BK 
945 |d 20130613 00:00:00  |a dcastane 
260 |a Cambridge  |b The MIT Press  |c 2011 
650 7 |a MANEJO DE INFORMACION  |2 CL-VaPUC  |9 525292 
650 7 |a CONOCIMIENTO  |2 CL-VaPUC  |9 308991 
650 0 |a Análisis de la información  |9 306986 
650 0 |a Toma de decisiones   |9 257530 
650 7 |a EVALUACION DE LA INFORMACION  |2 CL-VaPUC  |9 527724 
650 0 |a Análisis de datos  |9 269871 
583 |a last modification  |c 20181217 10:22:19  |k Rodrigo Vera 
999 |c 352071  |d 352069 
952 |0 0  |1 0  |4 0  |6 658_403800000000000_DAL_2011  |7 0  |8 A  |9 456597  |a BIBING  |b BIBING  |d 2019-11-22  |i 4978641  |o 658.4038 DAL 2011  |p 4978641  |r 2025-01-20  |w 2019-11-22  |y BK  |k EII 
952 |0 0  |1 0  |3 erd  |4 0  |6 658_403800000000000_DAL_2011  |7 0  |8 A  |9 456598  |a BIBING  |b BIBING  |i 5053447  |o 658.4038 DAL 2011  |p 5053447  |r 2025-01-20  |w 2019-11-22  |y BK  |z Catalogado en:20140124  |k EII 
952 |0 0  |1 0  |3 erd  |4 0  |6 658_403800000000000_DAL_2011  |7 0  |8 A  |9 456599  |a BIBING  |b BIBING  |i 5053455  |o 658.4038 DAL 2011  |p 5053455  |r 2025-01-20  |w 2019-11-22  |y BK  |z Catalogado en:20140124  |k EII 
952 |0 0  |1 0  |3 erd  |4 0  |6 658_403800000000000_DAL_2011  |7 0  |8 A  |9 456600  |a BIBING  |b BIBING  |i 5053463  |o 658.4038 DAL 2011  |p 5053463  |r 2025-01-20  |w 2019-11-22  |y BK  |z Catalogado en:20140124  |k EII 
952 |0 0  |1 0  |3 erd  |4 0  |6 658_403800000000000_DAL_2011  |7 0  |8 A  |9 456601  |a BIBING  |b BIBING  |i 552363K  |o 658.4038 DAL 2011  |p 552363K  |r 2025-01-20  |w 2019-11-22  |y BK  |z Catalogado en:20181220  |k EII